Автотрофные образовательные технологии в открытом образовательном пространстве; Технический университет: реформы в обществе и открытое образовательное пространство; Т. 1

Dettagli Bibliografici
Parent link:Технический университет: реформы в обществе и открытое образовательное пространство: труды Международной научно-практической конференции, 14-17 мая 1996 г., Томск/ Томский политехнический университет.— , 1996
Т. 1.— 1996.— С. 26-27
Autore principale: Московченко А. Д. Александр Дмитриевич
Lingua:russo
Pubblicazione: 1996
Soggetti:
Natura: MixedMaterials Capitolo di libro
KOHA link:https://koha.lib.tpu.ru/cgi-bin/koha/opac-detail.pl?biblionumber=51311

MARC

LEADER 00000naa2a2200000 4500
001 51311
005 20251201122555.0
035 |a (RuTPU)RU\TPU\book\53730 
035 |a RU\TPU\book\53715 
090 |a 51311 
100 |a 20030429d1996 k||y0rusy50 ca 
101 0 |a rus 
102 |a RU 
200 1 |a Автотрофные образовательные технологии в открытом образовательном пространстве  |f А. Д. Московченко 
461 1 |0 (RuTPU)RU\TPU\book\127170  |t Технический университет: реформы в обществе и открытое образовательное пространство  |o труды Международной научно-практической конференции, 14-17 мая 1996 г., Томск  |o в 2 т.  |f Томский политехнический университет  |d 1996 
463 1 |0 (RuTPU)RU\TPU\book\2392  |t Т. 1  |v С. 26-27  |d 1996 
610 1 |a труды учёных ТПУ 
700 1 |a Московченко  |b А. Д.  |c российский философ  |c профессор Томского государственного университета систем управления и радиоэлектроники  |f 1944-  |g Александр Дмитриевич  |3 (RuTPU)RU\TPU\pers\12798 
801 1 |a RU  |b 63413507  |c 20030429  |g PSBO 
801 2 |a RU  |b 63413507  |c 20140412  |g PSBO 
942 |c BK